000 00386nam a2200157Ia 4500
008 240729s9999 xx 000 0 und d
022 _a2305-6304
245 0 _aToxics
260 _aSwitzerland
260 _bMDPI AG
650 _a Chemical technology
650 _aTechnology
856 _uhttps://doaj.org/toc/d7ecd8fcc24d4365bdfecf847c84bfd5
942 _2ddc
942 _cDOAJEJ
999 _c74124
_d74124
945 _a1
_bMadushi Gamage
_c1
_dMadushi Gamage